Start Up Marketing strategies: 11 real life cases of Indian start-ups (Record no. 35995)
[ view plain ]
| 000 -LEADER | |
|---|---|
| fixed length control field | 00292 a2200109 4500 |
| 000 - LEADER | |
| fixed length control field | nam a22 7a 4500 |
| 020 ## - INTERNATIONAL STANDARD BOOK NUMBER | |
| International Standard Book Number | 9789390166824 |
| 100 ## - MAIN ENTRY--PERSONAL NAME | |
| Personal name | Ramesh,Anil |
| 9 (RLIN) | 109 |
| 245 ## - TITLE STATEMENT | |
| Title | Start Up Marketing strategies: 11 real life cases of Indian start-ups |
| 260 ## - PUBLICATION, DISTRIBUTION, ETC. | |
| Name of publisher, distributor, etc. | Jaico |
| Date of publication, distribution, etc. | 2022 |
| 264 ## - PRODUCTION, PUBLICATION, DISTRIBUTION, MANUFACTURE, AND COPYRIGHT NOTICE | |
| Name of producer, publisher, distributor, manufacturer | Jaico |
No items available.